| 000 | 02014nam a2200229Ii 4500 | ||
|---|---|---|---|
| 008 | 221202s xx 000 0 und d | ||
| 100 | 1 |
_aBarker, Rodney, _eauthor |
|
| 245 | 0 |
_aCultivating political and public identity : _b Why plumage matters |
|
| 264 |
_bManchester University Press _c2017 |
||
| 300 | _a1 online resource (272 pages) | ||
| 336 |
_atext _btxt _2rdacontent |
||
| 337 |
_acomputer _bc _2rdamedia |
||
| 338 |
_aonline resource _bcr _2rdacarrier |
||
| 520 | _aThroughout the twentieth century, everyone from Marxists to economic individualists assumed that social and political activity was driven by the rational pursuit of material gain. Today, the fundamental importance of the cultivation and preservation of identity is finally re-emerging. In this book, Rodney Barker explores the rich fabric of speech, dress, diet and the built environment from which human identity is made. The colour of a scarf or the accent of a conversation can unite people or divide them, and the smallest detail can play its part in signalling who are allies and who are enemies. Identity simultaneously generates equality and inequality : it is both the engine of public life and the cause of its confusion and conflict : and a better understanding of its subtleties is crucial if we are to confront the tensions that it produces in society. Synthesising methods and ideas from numerous disciplines : including history, political science, anthropology, law and sociology : Barker presents a picture of human life as more than just a collection of material interests. His ultimate aim is to show that no human activity is trivial or meaningless, that everything counts and plumage matters. | ||
| 653 | _aCitizenship | ||
| 653 | _aCommunity | ||
| 653 | _aIdentity Politics | ||
| 653 | _aPolitics | ||
| 653 | _aSpeech | ||
| 856 |
_uhttps://docs.google.com/spreadsheets/d/1yKIrdCPDAG_9c22mwoOIO2DOhtj65Wqa/edit?usp=sharing&ouid=106555315294820607512&rtpof=true&sd=true _yList of Curated E-Books |
||
| 942 | _cE-BOOK | ||
| 999 |
_c92663 _d92660 |
||